| 000 | 00838cam a2200265 i 4500 | ||
|---|---|---|---|
| 003 | OSt | ||
| 005 | 20251119143617.0 | ||
| 008 | 140203t20142006enk b 001 0 eng | ||
| 010 | _a 2014003209 | ||
| 020 | _a9781119977155. | ||
| 020 | _z9781118896198. | ||
| 040 |
_aDDC _cMUST |
||
| 082 | 0 | 0 | _a657 JON 2016. |
| 100 | 1 |
_aJones, Michael, _919247 |
|
| 245 | 1 | 0 | _aFinancial Accounting |
| 250 | _a2nd. ed. | ||
| 264 | 1 |
_aWest Sussex; _bJohn Wiley, _c2014 |
|
| 264 | 4 | _c2014 | |
| 300 |
_axxii, 522P.: _c25 cm; _bill,. |
||
| 338 | _avolume | ||
| 504 | _aIncludes bibliographical references and index. | ||
| 650 | 0 |
_aAccounting. _91379 |
|
| 776 | 0 | 8 |
_iOnline version: _aJones, Michael, 1953- _tFinancial accounting _bSecond edition. _dWest Sussex : John Wiley and Sons, Inc., [2014] _z9781118896181 _w(DLC) 2014004608 |
| 942 |
_2ddc _cO_SHELF |
||
| 999 |
_c9488 _d9488 |
||